ARRUPE JESUIT UNIVERSITY

CORONAVIRUS -STOP THE SPREAD - CLEAN,DISINFECT,COVER

Africa's guide to scientific socialism / (Record no. 120148)

MARC details
000 -LEADER
fixed length control field 00938nam a2200277 a 4500
001 - CONTROL NUMBER
control field 4295364
003 - CONTROL NUMBER IDENTIFIER
control field ARRUPE
005 - DATE AND TIME OF LATEST TRANSACTION
control field 20140221144144.0
008 - FIXED-LENGTH DATA ELEMENTS--GENERAL INFORMATION
fixed length control field 860702s1985 rh 000 0 eng
010 ## - LIBRARY OF CONGRESS CONTROL NUMBER
LC control number 85981613
040 ## - CATALOGING SOURCE
Original cataloging agency DLC
Transcribing agency DLC
Modifying agency DLC
043 ## - GEOGRAPHIC AREA CODE
Geographic area code f------
-- d------
050 00 - LIBRARY OF CONGRESS CALL NUMBER
Classification number HX438.5
Item number .A45 1985
082 00 - DEWEY DECIMAL CLASSIFICATION NUMBER
Classification number 335.43/096
Edition number 19
300 ## - PHYSICAL DESCRIPTION
Dimensions 20 x 12 cm.
245 00 - TITLE STATEMENT
Title Africa's guide to scientific socialism /
Statement of responsibility, etc edited by Mulele A. Kader ; with an introduction by H.S.M. Ushewokunze.
260 ## - PUBLICATION, DISTRIBUTION, ETC. (IMPRINT)
Place of publication, distribution, etc Harare, Zimbabwe :
Name of publisher, distributor, etc Nehanda Publishers,
Date of publication, distribution, etc c1985.
300 ## - PHYSICAL DESCRIPTION
Extent ii, 80 p. ;
440 #0 - SERIES STATEMENT/ADDED ENTRY--TITLE
Title Nehanda political science series ;
Volume number/sequential designation vol. 1
9 (RLIN) 8887
600 10 - SUBJECT ADDED ENTRY--PERSONAL NAME
Personal name Marx, Karl,
Dates associated with a name 1818-1883.
9 (RLIN) 8888
650 #0 - SUBJECT ADDED ENTRY--TOPICAL TERM
Topical term or geographic name as entry element Communism
Geographic subdivision Africa.
9 (RLIN) 8889
650 #0 - SUBJECT ADDED ENTRY--TOPICAL TERM
Topical term or geographic name as entry element Communism
Geographic subdivision Developing countries.
9 (RLIN) 8890
650 #0 - SUBJECT ADDED ENTRY--TOPICAL TERM
Topical term or geographic name as entry element Communism.
9 (RLIN) 8891
700 1# - ADDED ENTRY--PERSONAL NAME
Personal name Kader, Mulele A.
9 (RLIN) 8892
906 ## - LOCAL DATA ELEMENT F, LDF (RLIN)
a 7
b cbc
c orignew
d 3
e ncip
f 19
g y-gencatlg
942 ## - ADDED ENTRY ELEMENTS (KOHA)
Source of classification or shelving scheme Library of Congress Classification
Koha item type Monograph ( Printed materials)
Holdings
Withdrawn status Lost status Source of classification or shelving scheme Damaged status Not for loan Collection code Home library Current library Shelving location Date acquired Total Checkouts Full call number Barcode Date last seen Price effective from Koha item type
    Library of Congress Classification     Main Collection ARRUPE LIBRARY ARRUPE LIBRARY Main Collection 21/02/2014   HX438.5 .A45 1985 46500002133 11/03/2020 21/02/2014 Monograph ( Printed materials)

 

Arrupe Library. PO Box MP320 Mt Pleasant, Harare, Zimbabwe
263 242 745411|librarian@aju.ac.zw